000 00658nam a2200241 i 4500
001 C2-0033027
003 PPAK
005 20190630222042.0
008 970218s1952 my |||| ||||| | may d
040 _aPPAK
_beng
_cPPAK
_erda
082 0 4 _a499.23
_223
090 0 0 _a499.23
_bZAB
_dKIH
100 0 _aZa'ba,
_eauthor
245 1 0 _aAlam mengarang Melayu
264 1 _aKuala Lumpur :
_bPejabat Karang Mengarang Jabatan Pelajaran ,
_c1952
300 _a[n.p.] ;
_c19 cm
336 _2rdacontent
_atext
337 _2rdamedia
_aunmediated
338 _2rdacarrier
_avolume
500 _aTeks dalam tulisan Jawi
650 1 0 _aMalay language
942 _ddc
_cB
999 _c6204
_d6204